| 000 | 01570nam0a22003131 4500 | ||
|---|---|---|---|
| 001 | rc\3130311 | ||
| 005 | 20260406114959.0 | ||
| 021 |
_aRU _b76-11588 |
||
| 021 |
_aRU _bРг4633-76 |
||
| 035 | _a(NLR Aleph) 007284967 | ||
| 090 |
_a5549066 _c5549066 |
||
| 100 | _a20120615d1975 |||y0rusy50 ca | ||
| 101 | 0 | _arus | |
| 102 | _aRU | ||
| 105 | _ay z ||||| | ||
| 200 | 1 |
_aПрименение формалинизированных гомокостей при костной пластике дефектов нижней челюсти _eМетод. рекомендации _fМ-во здрав. СССР. Лаб. пересадки органов и тканей АМН СССР. Кафедра стоматологии IММИ им. И.М. Сеченова |
|
| 210 |
_aМосква _cБ. и. _d1975 |
||
| 215 |
_a12 с. _d21 |
||
| 300 | _aВ вып. дан. сост.: профессора Н.Н. Бажанов, В.Ф. Парфентьева, д. м. н. В.Д. Розвадовский [и др.] | ||
| 702 | 1 |
_aПарфентьева _bВ.Ф. _4220 |
|
| 702 | 1 |
_aРозвадовский _bВ.Д. _4220 |
|
| 702 | 1 |
_4220 _7ca _8rus _aБажанов _bН. Н. _cд-р мед. наук, стоматология _f1923-2010 _gНиколай Николаевич _3RU\NLR\AUTH\7772300 _955228 |
|
| 712 | 0 | 2 |
_aАМН СССР _bЛаборатория по пересадке органов и тканей _3RU\NLR\AUTH\8811264 _9295219 |
| 801 | 0 |
_aRU _bNLR _gpsbo |
|
| 801 | 1 |
_aRU _bELAR _2rusmarc |
|
| 852 |
_aNLR _j76-4/12556 |
||
| 942 | _cBOOK | ||
| 980 | _aNB | ||